Curzon:the end of an epoch (Record no. 414438)

000 -LEADER
fixed length control field 00369cam a22001217a 4500
008 - FIXED-LENGTH DATA ELEMENTS--GENERAL INFORMATION
fixed length control field 180718b1960 xxu||||| |||| 00| 0 eng d
082 ## - DEWEY DECIMAL CLASSIFICATION NUMBER
Classification number A99 C949/M852
100 ## - MAIN ENTRY--PERSONAL NAME
Personal name Mosley, Leonard
245 ## - TITLE STATEMENT
Title Curzon:the end of an epoch
Statement of responsibility, etc. by Leonard Mosley
260 ## - PUBLICATION, DISTRIBUTION, ETC.
Place of publication, distribution, etc. London
Name of publisher, distributor, etc. Longmans
Date of publication, distribution, etc. 1960
300 ## - PHYSICAL DESCRIPTION
Extent xv,301p.
650 ## - SUBJECT ADDED ENTRY--TOPICAL TERM
Topical term or geographic name entry element Curzon, George Nathaniel Curzon, Marquis of, 1859-1925.
Holdings
Withdrawn status Lost status Damaged status Not for loan Permanent Location Current Location Date acquired Full call number Barcode Date last seen Price effective from Koha item type
        Indian Institute of Public Administration Indian Institute of Public Administration 2009-02-24 A99 C949/M852 23712 2018-07-21 2018-07-21 Book

Powered by Koha